| 000 | 00361nam a2200145Ia 4500 | ||
|---|---|---|---|
| 008 | 230711s9999||||xx |||||||||||||| ||und|| | ||
| 041 | _aENG | ||
| 082 |
_a620 _bBA-F |
||
| 100 | _aBansal ,R.K | ||
| 245 | 0 | _aTextbook of fluid mechanics | |
| 250 | _a8th | ||
| 260 |
_c2002 _aNew Delhi _bLaxmi Publications(P) Ltd |
||
| 650 | _aMechanical Engineering | ||
| 942 | _cBK | ||
| 999 |
_c1229 _d1229 |
||